000 007530000a22002290004500
003 LK-CoMWRAF
005 20231030141747.0
008 230817t1999 ||||| |||| 00| 0 eng d
020 _a955580043X
040 _aLK-CoMWRAF
_dLK-CoMWRAF
_eLK-CoMWRAF
041 _aeng
082 _a324.3
_bWOM
245 _aWomen and Politics in Sri Lanka:
_ba comparative perspective
260 _aKandy:
_bInternational Centre for Ethnic Studies,
_c1999
300 _aviii, 287 p. ; 23 cm.
_bIndex included
490 _aICES South/ Southeast Asia studies series
_v2
650 _aWOMEN-Political activity--Sri Lanka
650 _aWomen in development--Sri Lanka.
650 _aPolitics and government-Sri Lanka
700 _aKiribamune, Sirima.
_eed.
942 _cBK
999 _c94
_d94